[Event "British Columbia-ch U20"]
[Site "Vancouver"]
[Date "2018.11.11"]
[Round "3.5"]
[White "Trenton, Isaac"]
[Black "Lehingrat, Callum"]
[Result "0-1"]
[WhiteElo "1537"]
[BlackElo "2076"]
[PlyCount "60"]
[EventDate "2018.11.10"]
[EventType "swiss"]
[EventRounds "5"]
[EventCountry "CAN"]
[SourceTitle "EXT 2022"]
[Source "ChessBase"]
[SourceDate "2021.10.06"]
[SourceVersion "1"]
[SourceVersionDate "2021.10.06"]
[SourceQuality "1"]

1. d4 Nf6 2. c4 e6 3. Nf3 c5 4. e3 cxd4 5. exd4 d5 6. Nc3 Be7 7. Be3 0-0 8. Be2 b6 9. 0-0 Bb7 10. b3 Nc6 11. c5 bxc5 12. dxc5 e5 13. Na4 d4 14. Bc1 e4 15. Nd2 Ne5 16. Re1 Qc7 17. Ba3 Rad8 18. Bc4 e3 19. Nf1 exf2+ 20. Kxf2 Nxc4 21. bxc4 Qc6 22. Rxe7 Qxg2+ 23. Ke1 Rfe8 24. c6 Rxe7+ 25. Bxe7 Re8 26. Qxd4 Rxe7+ 27. Ne3 Qxc6 28. Nc5 Ng4 29. Nxb7 Nxe3 30. Rc1 Nc2+ 0-1